Strzelcy bramek w 20 kolejce Ekstraklasy w sezonie 20/21. - Statystyki

Ogólne statystyki
  • Ten quiz został rozwiązany 15 razy
  • Średni wynik to 8 z 14
Statystyki odpowiedzi
Mecz Piłkarz % Poprawnych
Podbeskidzie - Lechia Gdańsk 2:2 Biliński
93%
Zagłebie Lubin - Jagiellonia Białystok 1:0 Starzyński
71%
Zagłebie Lubin - Jagiellonia Białystok 3:0 Starzyński
71%
Zagłebie Lubin - Jagiellonia Białystok 2:0 Szysz
71%
Warta Poznań - Wisła Płock 1:0 Baku
64%
Warta Poznań - Wisła Płock 2:0 Baku
64%
Piast Gliwice - Stal Mielec 0:1 Kolev
57%
Podbeskidzie - Lechia Gdańsk 1:2 Kopacz
57%
Pogoń Szczecin - Lech Poznań 0:1 Salamon
57%
Śląsk Wrocław - Legia Warszawa 0:1 Wszołek
57%
Piast Gliwice - Stal Mielec 2:1 Alves
50%
Piast Gliwice - Stal Mielec 1:1 Lipski
50%
Podbeskidzie - Lechia Gdańsk 1:1 Conrado
43%
Podbeskidzie - Lechia Gdańsk 1:0 Rundic
36%
Nie znaleziono quizów pasujących do podanych kryteriów
Rozkład punktacji
Procent ludzi z każdym wynikiem
Percentyl według liczby udzielonych odpowiedzi
Twoja historia wyników
Nie rozwiązałeś tego quizu